Visualizzazione normale
Vista MARC
- Ramone P.
di Personal Name
Records bibliografici associati: 1
001 - CONTROL NUMBER
- control field: 5571
003 - CONTROL NUMBER IDENTIFIER
- control field: IT-RoPau
005 - DATE AND TIME OF LATEST TRANSACTION
- control field: 20131216161555.0
008 - FIXED-LENGTH DATA ELEMENTS
- fixed length control field: 131216|| aca||aabn | a|a d
040 ## - CATALOGING SOURCE
- Original cataloging agency: IT-RoPau
- Transcribing agency: IT-RoPau
100 ## - HEADING--PERSONAL NAME
- Personal name: Ramone P.
- Relator term: Autore
- Miscellaneous information: Codice autore SPICS: 22589
- Name of part/section of a work: Imagination
670 ## - SOURCE DATA FOUND
- Source citation: Work cat.: (IT-RoPau)101154: AA.VV. 794, Flashdance (Lp Original Soundtrack From The Motion Picture)